| 000 | 00717cam a2200217 4500 | ||
|---|---|---|---|
| 001 | 1733573 | ||
| 005 | 20180312092213.0 | ||
| 008 | 740909s1975 nyua b 001 0 eng | ||
| 010 | _a 74019289 | ||
| 020 | _a0440060486 | ||
| 040 |
_aDLC _cDLC _dDLC |
||
| 041 | _aeng | ||
| 080 | _a621 HAR | ||
| 082 | 0 | 0 | _a621 HAR |
| 100 | 1 | _a27 | |
| 101 | _aMEC | ||
| 245 | 1 | 0 |
_aTM*: discovering inner energy and overcoming stress _c[by] Harold H. Bloomfield, Michael Peter Cain [and] Dennis T. Jaffe, in collaboration with Robert Bruce Kory. Foreword by Hans Selye; introd. by R. Buckminster Fuller. |
| 504 | _aBibliography: p. [261]-280. | ||
| 906 |
_a7 _bcbc _corignew _d1 _eocip _f19 _gy-gencatlg |
||
| 942 |
_2ddc _cBK |
||
| 999 |
_c44770 _d44770 |
||